[Event "Alekhine Memorial"]
[Site "Moscow URS"]
[Date "1975.10.29"]
[Round "12"]
[White "Kholmov, Ratmir"]
[Black "Beliavsky, Alexander"]
[Result "1-0"]
[WhiteElo "2540"]
[BlackElo "2500"]
[EventDate "1975.10.14"]
[PlyCount "82"]
[Source "Perpetual Check"]

1.d4 Nf6 2.c4 g6 3.Nc3 d5 4.Nf3 Bg7 5.cxd5 Nxd5 6.Qb3 Nxc3 7.bxc3 c5 8.e3 
O-O 9.Ba3 b6 10.Be2 Be6 11.Qb2 Nc6 12.O-O Na5 13.dxc5 Nc4 14.Bxc4 Bxc4 15.
Rfd1 Qc7 16.cxb6 axb6 17.Bb4 Rfd8 18.a3 Bd5 19.Qe2 Bb3 20.Rxd8+ Rxd8 21.
Nd4 Bc4 22.Qf3 Bd5 23.e4 Bb7 24.Qe3 Be5 25.g3 Bf6 26.Re1 e5 27.Nb5 Qc6 28.
c4 Kg7 29.h4 h5 30.Qe2 Kh7 31.Nc3 Rd4 32.Qf3 Qe6 33.Nd5 Bg7 34.Rc1 Bh6 35.
Rd1 Bg7 36.Rxd4 exd4 37.a4 Bc6 38.a5 bxa5 39.Bxa5 Ba4 40.Qd3 Qa6 41.Bb6 
Qb7 1-0